Main Series Ace Attorney Co-Counsels - Statistics

General Stats
  • This quiz has been taken 183 times
  • The average score is 11 of 12
Answer Stats
Co-Counsel Debut Case Co-Counsel % Correct
Turnabout Sisters Maya Fey
100%
The First Turnabout Mia Fey
99%
Rise From The Ashes Ema Skye
98%
Turnabout Trump Phoenix Wright
96%
Turnabout Trump Kristoph Gavin
94%
Turnabout Corner Trucy Wright
94%
The Monstrous Turnabout Athena Cykes
93%
Turnabout Beginnings Diego Armando
90%
Turnabout Academy Apollo Justice
88%
Turnabout Memories Marvin Grossberg
86%
The Lost Turnabout Maggey Byrde
79%
Turnabout Storyteller Simon Blackquill
73%
No matching quizzes found
Score Distribution
Percent of People with Each Score
Percentile by Number Answered
Your Score History
You have not taken this quiz